|
|
|
|
| LEADER |
00000nab a2200000 a 4500 |
| 001 |
vtls001019071 |
| 003 |
SK-MaSNL |
| 005 |
20260303193520.0 |
| 008 |
040720e19990803xo 0 slo |
| 035 |
|
|
|a SN5006
|
| 040 |
|
|
|a SNSK
|b slo
|c SNSK
|e AACR2
|
| 041 |
0 |
|
|a slo
|
| 044 |
|
|
|a xo
|c SK
|
| 080 |
|
|
|a 728
|2 1981
|
| 080 |
|
|
|a 943.767.8
|2 1981
|
| 100 |
0 |
|
|a (lin)
|4 aut
|9 1224759
|
| 245 |
1 |
0 |
|a Rozľahlý Spišský hrad je potomkom hradiska víťazného slovanského dvojčaťa
|
| 610 |
2 |
7 |
|a Spišský hrad (Žehra, Slovensko)
|2 SNSK
|9 55722
|
| 650 |
0 |
7 |
|a vlastiveda
|2 SNSK
|9 3887
|
| 650 |
0 |
7 |
|a povesti
|2 SNSK
|9 30120
|
| 650 |
0 |
7 |
|a dejiny stručné
|2 SNSK
|9 887251
|
| 650 |
0 |
7 |
|a mapy
|2 SNSK
|9 871
|
| 651 |
|
7 |
|a SN,
|2 SNSK
|9 1021277
|
| 651 |
|
7 |
|a LE,
|2 SNSK
|9 1021327
|
| 655 |
|
7 |
|a periodikum
|2 snkbucl
|9 29553
|
| 710 |
2 |
|
|a Spišský hrad (Žehra, Slovensko)
|4 aut
|9 55722
|
| 773 |
0 |
8 |
|t Sme
|g Roč. 7, č.177, 3.8.1999, s. 3
|
| 852 |
|
|
|a ZVYKNI
|b KIS3GCP
|
| 999 |
|
|
|c 2152829
|d 2154759
|